|
|
|
|
| LEADER |
00000cam a2200000 a 4500 |
| 001 |
UCC9797 |
| 003 |
CL-VaPUC |
| 005 |
20210712124932.0 |
| 008 |
191111e20150000uk eng d |
| 020 |
|
|
|a 9781781683392
|
| 082 |
0 |
4 |
|a 340.115
|b MAN
|2 21
|
| 100 |
|
|
|a Mangabeira Unger, Roberto
|e autor
|9 325
|
| 245 |
1 |
4 |
|a The critical legal studies movement: another time, a greater task
|
| 250 |
|
|
|a 1a. ed
|
| 260 |
|
|
|a Londres
|b Verso
|c 2015
|
| 300 |
|
|
|a 216 p
|
| 583 |
|
|
|a last modification
|c 20191111 01:17:00
|k cmena
|
| 650 |
0 |
7 |
|a ESTUDIOS COMPARATIVOS
|2 CL-VaPUC
|9 605122
|
| 650 |
0 |
0 |
|a Filosofía del derecho
|9 255050
|
| 942 |
|
|
|c BK
|
| 945 |
|
|
|a dcastane
|d 20191111 01:17:00
|
| 999 |
|
|
|c 1547
|d 1547
|
| 952 |
|
|
|0 0
|1 0
|2 ddc
|3 erb
|4 0
|6 340_115000000000000_MAN_2015
|7 0
|8 A
|9 495394
|a BIBDER
|b BIBDER
|d 2019-09-30
|e 1
|g 38141.00
|i 5562716
|l 1
|m 4
|o 340.115 MAN 2015
|p 5562716
|q 2025-12-31
|r 2020-03-16
|s 2020-03-16
|v 38141.00
|w 2020-01-06
|y BK
|z Catalogado en:20191111
|k DER
|